| 000 | 00460nam a2200193Ia 4500 | ||
|---|---|---|---|
| 005 | 20240604015239.0 | ||
| 008 | 240331s9999 xx 000 0 und d | ||
| 020 | _a0631154450 | ||
| 082 |
_bMOR _a364 |
||
| 100 | _aMorris, A | ||
| 245 | 0 | _aWomen, crime and criminal justice | |
| 260 |
_aOxford _bBlackwell Publishers _c1987 |
||
| 300 | _a270 p., | ||
| 650 | _aWomen | ||
| 650 | _aCrime | ||
| 650 | _aCriminal Justice | ||
| 650 | _aFeminism | ||
| 942 | _cL | ||
| 999 |
_c2949 _d2949 |
||